[Event "XI GRAN TORNEO INTERNACIONAL AFICIONADOS"]
[Site "Benidorm (Alicante - SPAIN)"]
[Date "2012.12.03"]
[Round "4"]
[White "Sanchez Sanchez, Alberto"]
[Black "Voet, Dirk"]
[Result "1-0"]
[WhiteElo "1968"]
[BlackElo "1911"]
[PlyCount "33"]
[EventDate "2012.11.30"]
[EventRounds "10"]
[EventCountry "ESP"]

1. e4 g6 2. d4 Bg7 3. Nc3 d6 4. Bg5 a6 5. a4 c5 6. Nf3 cxd4 7. Nxd4 Qb6 8. Be3
Qxb2 9. Nd5 Kd8 10. Rb1 Qa3 11. Qd2 b6 12. Nxb6 Ra7 13. Qa5 Qa2 14. Nd5+ Kd7
15. Bb5+ axb5 16. Qxa7+ Ke8 17. O-O 1-0

[Event "XI GRAN TORNEO INTERNACIONAL AFICIONADOS"]
[Site "Benidorm (Alicante - SPAIN)"]
[Date "2012.12.03"]
[Round "4"]
[White "Esquerdo Nogueroles, Gaspar"]
[Black "Hall, Rachid"]
[Result "1-0"]
[WhiteElo "1927"]
[BlackElo "1964"]
[PlyCount "33"]
[EventDate "2012.11.30"]
[EventRounds "10"]
[EventCountry "ESP"]

1. e4 c5 2. f4 e5 3. Nf3 exf4 4. Bc4 Nc6 5. d3 Bd6 6. O-O Qf6 7. Nc3 Nge7 8. e5
Nxe5 9. Ne4 Nxf3+ 10. Qxf3 Qd4+ 11. Kh1 Bc7 12. Bxf4 Bxf4 13. Qxf4 Ng6 14. Nd6+
Kd8 15. Nxf7+ Ke7 16. Rae1+ Kf8 17. Nd6+ 1-0

[Event "XI GRAN TORNEO INTERNACIONAL AFICIONADOS"]
[Site "Benidorm (Alicante - SPAIN)"]
[Date "2012.12.03"]
[Round "4"]
[White "Ribera Cebolla, Marc"]
[Black "Blanco, Juan"]
[Result "1/2-1/2"]
[WhiteElo "1885"]
[BlackElo "1963"]
[PlyCount "135"]
[EventDate "2012.11.30"]
[EventRounds "10"]
[EventCountry "ESP"]

1. e4 c5 2. Nf3 d6 3. d4 cxd4 4. Nxd4 Nf6 5. Nc3 Nc6 6. Bg5 e6 7. Qd2 Be7 8.
O-O-O O-O 9. f3 Nxd4 10. Qxd4 Qa5 11. Be3 e5 12. Qd2 Be6 13. Kb1 Qc7 14. g4 a6
15. g5 Nd7 16. h4 b5 17. Nd5 Bxd5 18. exd5 f5 19. gxf6 Bxf6 20. Bd3 Nc5 21. h5
Nxd3 22. Qxd3 Rac8 23. Rh2 Qe7 24. Rg2 Rc4 25. Rdg1 e4 26. fxe4 Qe5 27. c3 Rxe4
28. Bc1 Re8 29. Rf1 Re1 30. Rf5 Qe7 31. Qf3 Kh8 32. Rg4 Qe3 33. Qxe3 R8xe3 34.
Rg2 Rh3 35. Kc2 Re5 36. Rgf2 Rxh5 37. Rxh5 Rxh5 38. Re2 Be5 39. Bf4 Kg8 40. Be3
Rh2 41. Rxh2 Bxh2 42. b3 Kf7 43. Kd3 h6 44. Ke4 Be5 45. c4 bxc4 46. bxc4 Bg3
47. c5 dxc5 48. Bxc5 h5 49. Kf5 g6+ 50. Kg5 Bc7 51. Bb4 Bd8+ 52. Kf4 Bf6 53.
Bd6 Ke8 54. Bc5 Kd7 55. a4 Be7 56. Bd4 h4 57. Bc3 Bc5 58. Kg4 Bf2 59. Bb4 g5
60. Bd2 Kd6 61. Bxg5 Kxd5 62. Kh3 Kc4 63. Bd2 Kb3 64. a5 Bc5 65. Kxh4 Bb4 66.
Bf4 Bxa5 67. Bg3 Kc2 68. Kg4 1/2-1/2

[Event "XI GRAN TORNEO INTERNACIONAL AFICIONADOS"]
[Site "Benidorm (Alicante - SPAIN)"]
[Date "2012.12.03"]
[Round "4"]
[White "Rodriguez Marcos, Jose R"]
[Black "Diaz Begonte, Manuel"]
[Result "1/2-1/2"]
[WhiteElo "1962"]
[BlackElo "1787"]
[PlyCount "67"]
[EventDate "2012.11.30"]
[EventRounds "10"]
[EventCountry "ESP"]

1. e4 d5 2. exd5 Nf6 3. Nc3 Nxd5 4. Bc4 Be6 5. Qf3 c6 6. Nge2 Nc7 7. d3 g6 8.
h4 Nd7 9. h5 Ne5 10. Qf4 Nxc4 11. dxc4 Qd6 12. hxg6 fxg6 13. Qe4 Bf5 14. Bf4
Bxe4 15. Bxd6 Bxg2 16. Rg1 exd6 17. Rxg2 Bh6 18. Rh2 Bg7 19. O-O-O O-O-O 20.
Rdh1 h6 21. Rg2 g5 22. f4 Rdf8 23. Ne4 d5 24. cxd5 Nxd5 25. fxg5 hxg5 26. Rxh8
Rxh8 27. c4 Ne3 28. Rxg5 Rh1+ 29. Rg1 Rxg1+ 30. Nxg1 Nxc4 31. b3 Ne5 32. Kc2 b6
33. Ne2 Kc7 34. Nd4 1/2-1/2

[Event "XI GRAN TORNEO INTERNACIONAL AFICIONADOS"]
[Site "Benidorm (Alicante - SPAIN)"]
[Date "2012.12.03"]
[Round "4"]
[White "Johnsen, Kjell Magne"]
[Black "Trabazos Gallego, Javier"]
[Result "1-0"]
[WhiteElo "1989"]
[BlackElo "1909"]
[PlyCount "58"]
[EventDate "2012.11.30"]
[EventRounds "10"]
[EventCountry "ESP"]

1. d4 d5 2. c4 Nc6 3. Nf3 Bg4 4. cxd5 Bxf3 5. gxf3 Qxd5 6. e3 e5 7. Nc3 Bb4 8.
Bd2 Bxc3 9. bxc3 exd4 10. cxd4 Nf6 11. Be2 O-O 12. O-O Rad8 13. Bc3 Rfe8 14.
Kh1 Qh5 15. Rg1 Nd5 16. Bb2 Nce7 17. Rc1 c6 18. Qd2 Ng6 19. Rg3 Re7 20. Rcg1
Rde8 21. f4 Qf5 22. Bd3 Qf6 23. f5 Nh4 24. e4 Rxe4 25. Bxe4 Rxe4 26. Rxg7+ Kf8
27. Rg8+ Ke7 28. Qg5 Nf3 29. Ba3+ Kd7 {irreproducible} 1-0

[Event "XI GRAN TORNEO INTERNACIONAL AFICIONADOS"]
[Site "Benidorm (Alicante - SPAIN)"]
[Date "2012.12.03"]
[Round "4"]
[White "Navarro Molina, Carmelo Jose"]
[Black "Botelho, Luis Miguel Rodrigue"]
[Result "1/2-1/2"]
[WhiteElo "1919"]
[BlackElo "1972"]
[PlyCount "108"]
[EventDate "2012.11.30"]
[EventRounds "10"]
[EventCountry "ESP"]

1. e4 c5 2. b3 g6 3. Bb2 Nf6 4. e5 Nd5 5. e6 f6 6. exd7+ Qxd7 7. Nc3 Qe6+ 8.
Qe2 Nc6 9. Nxd5 Qxd5 10. Qc4 Be6 11. Qxd5 Bxd5 12. O-O-O e5 13. Ne2 Nd4 14. f3
a6 15. Nc3 Bc6 16. Bd3 f5 17. Rde1 Bg7 18. Ne2 O-O-O 19. Nxd4 exd4 20. Ba3 Bf8
21. Rhf1 Bd6 22. g3 Rhe8 23. Kd1 Rxe1+ 24. Kxe1 c4 25. Bxd6 cxd3 26. Ba3 dxc2
27. d3 Re8+ 28. Kd2 Re3 29. Rf2 Bxf3 30. Kxc2 Be2 31. Bc1 Bxd3+ 32. Kd1 Re4 33.
Rf4 Bb1 34. a4 d3 35. Rxe4 fxe4 36. Kd2 Bc2 37. Ke3 Kd7 38. Bd2 Bxb3 39. Kxe4
Bxa4 40. Kxd3 Ke6 41. Kc4 Kf5 42. h4 Ke4 43. Kb4 Kd3 44. Bf4 Bc6 45. Ka5 b5 46.
Kb4 Be8 47. Bd6 Bd7 48. Bc7 Bc8 49. Bd6 Ke4 50. Bc7 Kf3 51. Bd6 Kg4 52. Bc7 Bd7
53. Bd6 Be8 54. Bc7 Kf3 1/2-1/2

[Event "XI GRAN TORNEO INTERNACIONAL AFICIONADOS"]
[Site "Benidorm (Alicante - SPAIN)"]
[Date "2012.12.03"]
[Round "4"]
[White "Moya Albaladejo, Jose Antonio"]
[Black "Haddad Filho, Paulo Ibrahim"]
[Result "1-0"]
[WhiteElo "1912"]
[BlackElo "1972"]
[PlyCount "103"]
[EventDate "2012.11.30"]
[EventRounds "10"]
[EventCountry "ESP"]

1. e4 e5 2. Nf3 Nc6 3. Bb5 a6 4. Ba4 Nf6 5. d3 b5 6. Bb3 Be7 7. O-O d6 8. a4
Be6 9. Bxe6 fxe6 10. Ng5 Qc8 11. axb5 Nd4 12. bxa6 h6 13. c3 hxg5 14. cxd4 Rxa6
15. Rxa6 Qxa6 16. dxe5 Nd7 17. Qg4 Nxe5 18. Qxe6 Nf7 19. Nc3 Rh6 20. Qc4 Qxc4
21. dxc4 Ne5 22. b3 Bf6 23. Nd5 c6 24. Ne3 Kd7 25. Rd1 Nf7 26. c5 Rh4 27. f3
Be5 28. Ng4 Ke6 29. Nxe5 dxe5 30. Be3 Rh8 31. h3 Rb8 32. Rb1 Kf6 33. Kf2 Nd8
34. Ke2 Ne6 35. Kd3 Nf4+ 36. Bxf4 gxf4 37. Rb2 Kg5 38. Kc3 Kh4 39. Rd2 Kg3 40.
b4 Rb7 41. Kc4 Rb8 42. Rb2 Rb5 43. Rd2 Rb7 44. h4 Rb8 45. h5 Rb7 46. Ra2 Rb8
47. Rb2 Rb5 48. Kc3 Rb8 49. b5 cxb5 50. Kb4 Rc8 51. Rc2 Kh4 52. c6 1-0

[Event "XI GRAN TORNEO INTERNACIONAL AFICIONADOS"]
[Site "Benidorm (Alicante - SPAIN)"]
[Date "2012.12.03"]
[Round "4"]
[White "Iglesias Garcia, Jorge"]
[Black "Blesa Fernandez, Francisco"]
[Result "1/2-1/2"]
[WhiteElo "1968"]
[BlackElo "1889"]
[PlyCount "70"]
[EventDate "2012.11.30"]
[EventRounds "10"]
[EventCountry "ESP"]

1. d4 d5 2. c4 c6 3. cxd5 cxd5 4. Nc3 Nf6 5. Nf3 Nc6 6. e3 a6 7. Bd3 Bg4 8. h3
Bxf3 9. Qxf3 e6 10. Bd2 Bd6 11. Rc1 Rc8 12. O-O O-O 13. Na4 e5 14. dxe5 Nxe5
15. Qe2 Nxd3 16. Rxc8 Qxc8 17. Qxd3 Qe6 18. Rc1 Rc8 19. Rxc8+ Qxc8 20. Qc3 Qc6
21. Qxc6 bxc6 22. Kf1 Ne4 23. Ke2 Kf8 24. Nc3 Nxc3+ 25. Bxc3 f6 26. Kd3 Ke7 27.
e4 Ke6 28. exd5+ Kxd5 29. b3 Bf8 30. f3 f5 31. g4 fxg4 32. fxg4 g6 33. Bb2 h5
34. gxh5 gxh5 35. Bc3 Bd6 1/2-1/2

[Event "XI GRAN TORNEO INTERNACIONAL AFICIONADOS"]
[Site "Benidorm (Alicante - SPAIN)"]
[Date "2012.12.03"]
[Round "4"]
[White "Jimenez Chacon, Francisco"]
[Black "Fournier, Manuel"]
[Result "0-1"]
[WhiteElo "1966"]
[BlackElo "1884"]
[PlyCount "122"]
[EventDate "2012.11.30"]
[EventRounds "10"]
[EventCountry "ESP"]

1. e4 e5 2. Nf3 Nc6 3. Bc4 Bc5 4. b4 Bxb4 5. c3 Be7 6. O-O Nf6 7. d4 d6 8. Qb3
O-O 9. Nbd2 Na5 10. Qc2 Nxc4 11. Nxc4 exd4 12. cxd4 d5 13. exd5 Nxd5 14. Bb2
Be6 15. a3 f6 16. Rfe1 Qd7 17. Ne3 Rfe8 18. Rac1 c6 19. Nh4 Bd6 20. g3 Nxe3 21.
fxe3 Rad8 22. e4 Bb8 23. Rcd1 a6 24. Qc5 Qd6 25. Qc3 Bc7 26. Ng2 Bb6 27. Ne3
Qc7 28. Nc4 Bxc4 29. Qxc4+ Kh8 30. Kg2 Ba7 31. Rc1 Qd7 32. Rcd1 Qg4 33. h3 Qg6
34. e5 fxe5 35. dxe5 h6 36. Qb3 b5 37. Rxd8 Rxd8 38. Re2 c5 39. Qf3 Qe6 40. g4
Qd5 41. Qxd5 Rxd5 42. e6 Rd8 43. Be5 Re8 44. Kf3 Kg8 45. Bd6 c4 46. Bb4 g6 47.
h4 Bb6 48. h5 g5 49. Re5 Bc7 50. Rc5 Bd6 51. Rc6 Bxb4 52. axb4 Ra8 53. Ke4 Kf8
54. Kf5 Ke7 55. Rc7+ Kd6 56. Rd7+ Kc6 57. Rh7 c3 58. Rxh6 c2 59. e7+ Kd7 60.
Kxg5 c1=Q+ 61. Kg6 Kxe7 0-1

[Event "XI GRAN TORNEO INTERNACIONAL AFICIONADOS"]
[Site "Benidorm (Alicante - SPAIN)"]
[Date "2012.12.03"]
[Round "4"]
[White "Gonzalez Cuervo, Eloy"]
[Black "Blondel, Jerome"]
[Result "0-1"]
[WhiteElo "1961"]
[BlackElo "1872"]
[PlyCount "66"]
[EventDate "2012.11.30"]
[EventRounds "10"]
[EventCountry "ESP"]

1. e4 d5 2. exd5 Qxd5 3. d4 Nc6 4. Be3 Bf5 5. Nf3 O-O-O 6. Bd3 Bg4 7. Nbd2 e6
8. Be4 Qd7 9. O-O Nxd4 10. Ne5 Bxd1 11. Nxd7 Nxc2 12. Bxc2 Bxc2 13. Ne5 Bg6 14.
Rfc1 Kb8 15. a3 Bd6 16. Nec4 Nf6 17. f3 Nd5 18. Bd4 f6 19. g3 h5 20. b4 h4 21.
Kg2 hxg3 22. hxg3 Ne7 23. Nb3 Bxg3 24. Bxa7+ Kxa7 25. Kxg3 Nf5+ 26. Kg2 Nh4+
27. Kf2 Nxf3 28. Nc5 Nd4 29. Rh1 b6 30. Rxh8 Rxh8 31. Rg1 Rh6 32. Nd7 Be8 33.
Rxg7 Nf5 0-1

[Event "XI GRAN TORNEO INTERNACIONAL AFICIONADOS"]
[Site "Benidorm (Alicante - SPAIN)"]
[Date "2012.12.03"]
[Round "4"]
[White "Oualili, Abdelali"]
[Black "Young, Mel J"]
[Result "0-1"]
[WhiteElo "1953"]
[BlackElo "1863"]
[PlyCount "72"]
[EventDate "2012.11.30"]
[EventRounds "10"]
[EventCountry "ESP"]

1. e4 c5 2. Nf3 d6 3. d4 cxd4 4. Nxd4 Nf6 5. Nc3 a6 6. Be2 e5 7. Nb3 Be7 8. Bg5
O-O 9. Bxf6 Bxf6 10. Nd5 Bg5 11. Qd3 Be6 12. Ne3 Nc6 13. c3 Qc7 14. h4 Bh6 15.
g4 Bf4 16. Ng2 Rad8 17. Nxf4 exf4 18. Nd4 Ne5 19. Qd2 Qb6 20. f3 Bc4 21. b3
Bxe2 22. Qxe2 d5 23. exd5 Rfe8 24. O-O-O Nxg4 25. Qd2 Ne3 26. Rdg1 Rxd5 27. Rg5
h6 28. Rxd5 Nxd5 29. Nf5 Ne3 30. Qd6 Qxd6 31. Nxd6 Re7 32. c4 b6 33. Kb2 Rd7
34. Nc8 Rb7 35. Kc3 Kf8 36. Rh2 Rd7 {irreproducible} 0-1

[Event "XI GRAN TORNEO INTERNACIONAL AFICIONADOS"]
[Site "Benidorm (Alicante - SPAIN)"]
[Date "2012.12.03"]
[Round "4"]
[White "Nieto Tornero, Jose"]
[Black "Teran Pereda, Luis"]
[Result "1-0"]
[WhiteElo "1951"]
[BlackElo "1838"]
[PlyCount "31"]
[EventDate "2012.11.30"]
[EventRounds "10"]
[EventCountry "ESP"]

1. e4 c5 2. Nc3 Nc6 3. Nf3 Nf6 4. d4 cxd4 5. Nxd4 Qc7 6. Be3 a6 7. g3 b5 8. Bg2
Bb7 9. O-O g6 10. f4 d6 11. Nd5 Nxd5 12. exd5 Nb4 13. c3 Nxd5 14. Bxd5 Bxd5 15.
Nxb5 Qc6 16. Qxd5 1-0

[Event "XI GRAN TORNEO INTERNACIONAL AFICIONADOS"]
[Site "Benidorm (Alicante - SPAIN)"]
[Date "2012.12.03"]
[Round "4"]
[White "Gutierrez Leon"]
[Black "Borja Rosagro, Jaime"]
[Result "1-0"]
[WhiteElo "1947"]
[BlackElo "1764"]
[PlyCount "73"]
[EventDate "2012.11.30"]
[EventRounds "10"]
[EventCountry "ESP"]

1. Nf3 d6 2. d4 Nf6 3. g3 Nbd7 4. Bg2 e5 5. dxe5 dxe5 6. O-O Be7 7. c3 c6 8.
Qc2 Qc7 9. Nbd2 O-O 10. Nc4 Re8 11. e4 Bf8 12. Bg5 h6 13. Bxf6 Nxf6 14. h3 b5
15. Ncd2 a6 16. a3 Bb7 17. c4 c5 18. Rfe1 b4 19. Nh2 Rad8 20. Nb3 Rd7 21. Nf1
a5 22. axb4 axb4 23. Ne3 Qb6 24. Nd5 Nxd5 25. exd5 Bd6 26. h4 Rdd8 27. Na5 Ra8
28. Nc6 Rxa1 29. Rxa1 Ra8 30. Rxa8+ Bxa8 31. Qf5 Bxc6 32. Qc8+ Kh7 33. dxc6 Qc7
34. Qe8 g6 35. Bd5 Kg7 36. g4 Be7 37. Qxf7+ 1-0

[Event "XI GRAN TORNEO INTERNACIONAL AFICIONADOS"]
[Site "Benidorm (Alicante - SPAIN)"]
[Date "2012.12.03"]
[Round "4"]
[White "Pastor Marti, Jaume"]
[Black "Bote Kobolo, Benjamin"]
[Result "0-1"]
[WhiteElo "1663"]
[BlackElo "1944"]
[PlyCount "70"]
[EventDate "2012.11.30"]
[EventRounds "10"]
[EventCountry "ESP"]

1. Nf3 d5 2. g3 Nf6 3. Bg2 Bg4 4. O-O Qc8 5. d3 Bh3 6. Nbd2 Bxg2 7. Kxg2 Nc6 8.
e4 dxe4 9. Nxe4 Qf5 10. Nh4 Qd7 11. f4 O-O-O 12. Be3 Nd5 13. Bg1 e5 14. fxe5
Nxe5 15. Qh5 Re8 16. Qf5 Re6 17. Qf2 b6 18. Rae1 Be7 19. Nf5 Rg8 20. Nxe7+ Nxe7
21. Qd4 Qc6 22. Qc3 Qb7 23. Kf2 Kb8 24. Re2 f5 25. Nd2 Ng4+ 26. Ke1 Rxe2+ 27.
Kxe2 Qg2+ 28. Bf2 Nd5 29. Qd4 c5 30. Qa4 g5 31. Qd7 Nc7 32. Qxf5 Re8+ 33. Ne4
h5 34. Qxg5 Nxh2 35. Qxh5 Nxf1 0-1

[Event "XI GRAN TORNEO INTERNACIONAL AFICIONADOS"]
[Site "Benidorm (Alicante - SPAIN)"]
[Date "2012.12.03"]
[Round "4"]
[White "Martinez Zazo, Jesus"]
[Black "Moya Mallafre, Erik"]
[Result "0-1"]
[WhiteElo "1863"]
[BlackElo "1995"]
[PlyCount "58"]
[EventDate "2012.11.30"]
[EventRounds "10"]
[EventCountry "ESP"]

1. e4 c5 2. Nf3 Nc6 3. Be2 g6 4. O-O Bg7 5. c3 d5 6. d3 e6 7. Bf4 Nf6 8. e5 Nh5
9. Qd2 Nxf4 10. Qxf4 d4 11. Nbd2 dxc3 12. bxc3 O-O 13. Ne4 b6 14. h4 h6 15.
Nf6+ Kh8 16. h5 Nxe5 17. Qxe5 Qxf6 18. Qe4 Ba6 19. hxg6 Qxg6 20. Qxg6 fxg6 21.
Rac1 Rad8 22. Rfd1 Rf4 23. c4 Bb7 24. a4 Bc6 25. a5 bxa5 26. Rd2 Rb8 27. Ra2 a4
28. Ne1 Rb2 29. Rc2 Rb1 0-1

[Event "XI GRAN TORNEO INTERNACIONAL AFICIONADOS"]
[Site "Benidorm (Alicante - SPAIN)"]
[Date "2012.12.03"]
[Round "4"]
[White "Rico Sanchez, Julio"]
[Black "Roca Cruz, Rafael"]
[Result "0-1"]
[WhiteElo "1859"]
[BlackElo "1992"]
[PlyCount "52"]
[EventDate "2012.11.30"]
[EventRounds "10"]
[EventCountry "ESP"]

1. d4 d5 2. c4 c6 3. Nc3 e5 4. dxe5 d4 5. Nb1 Qa5+ 6. Nd2 Qxe5 7. Ngf3 Qd6 8.
g3 c5 9. Bg2 Nc6 10. O-O Bf5 11. a3 Be7 12. Nh4 Bxh4 13. gxh4 Qg6 14. Kh1 Nf6
15. Rg1 Ng4 16. Qf1 Qd6 17. f4 Qe7 18. Nf3 Na5 19. h3 h5 20. hxg4 hxg4 21. Ng5
Rxh4+ 22. Nh3 Be4 23. Kh2 O-O-O 24. Kg3 Bxg2 25. Rxg2 Rxh3+ 26. Kf2 Qh4+ 0-1

[Event "XI GRAN TORNEO INTERNACIONAL AFICIONADOS"]
[Site "Benidorm (Alicante - SPAIN)"]
[Date "2012.12.03"]
[Round "4"]
[White "Arroyo Rodriguez, Jesus"]
[Black "RBallester Pomata, Miguel Angel"]
[Result "1-0"]
[WhiteElo "1985"]
[BlackElo "1836"]
[PlyCount "51"]
[EventDate "2012.11.30"]
[EventRounds "10"]
[EventCountry "ESP"]

1. e4 e6 2. d4 d5 3. Nd2 Nf6 4. e5 Nfd7 5. Bd3 c5 6. c3 Nc6 7. Ne2 a6 8. O-O b5
9. f4 Qb6 10. Nf3 cxd4 11. cxd4 g6 12. Be3 Bg7 13. Rc1 Bb7 14. g4 Rc8 15. Kg2
f5 16. gxf5 gxf5 17. Ng3 Ne7 18. Ng5 Rxc1 19. Qh5+ Ng6 20. Rxc1 Ndf8 21. Bxf5
exf5 22. Nxf5 Bxe5 23. fxe5 h6 24. Nd6+ Ke7 25. Rc8 Ne6 26. Qxg6 1-0

[Event "XI GRAN TORNEO INTERNACIONAL AFICIONADOS"]
[Site "Benidorm (Alicante - SPAIN)"]
[Date "2012.12.03"]
[Round "4"]
[White "Muela Perez, Miguel Angel"]
[Black "Ayza Casamitjana, Antoni"]
[Result "1/2-1/2"]
[WhiteElo "1690"]
[BlackElo "1882"]
[PlyCount "81"]
[EventDate "2012.11.30"]
[EventRounds "10"]
[EventCountry "ESP"]

1. e4 c5 2. Nf3 e6 3. c4 Nc6 4. Nc3 g6 5. d4 cxd4 6. Nxd4 Bg7 7. Nxc6 bxc6 8.
Qc2 Ne7 9. Be2 O-O 10. O-O d5 11. cxd5 cxd5 12. Rd1 Bb7 13. exd5 Nxd5 14. Nxd5
Bxd5 15. Bf3 Qa5 16. Bxd5 exd5 17. Bd2 Qb6 18. Rab1 Rfe8 19. Re1 Rxe1+ 20. Bxe1
Re8 21. b3 Qb5 22. a4 Qd7 23. Rd1 d4 24. Kf1 Qd6 25. g3 h5 26. Qc4 h4 27. Bb4
Qe5 28. Re1 Qb8 29. Rxe8+ Qxe8 30. Qd5 hxg3 31. hxg3 Qc8 32. Bc5 Qg4 33. Kg2 a6
34. f3 Qc8 35. Bxd4 Bxd4 36. Qxd4 Qc2+ 37. Kh3 Qxb3 38. Qd8+ Kg7 39. Qd4+ Kg8
40. Qd8+ Kg7 41. Qd4+ 1/2-1/2

[Event "XI GRAN TORNEO INTERNACIONAL AFICIONADOS"]
[Site "Benidorm (Alicante - SPAIN)"]
[Date "2012.12.04"]
[Round "5"]
[White "Cardenas, Fernando Adrian"]
[Black "Aprea, Daniele"]
[Result "1/2-1/2"]
[WhiteElo "1980"]
[BlackElo "1946"]
[PlyCount "31"]
[EventDate "2012.11.30"]
[EventRounds "10"]
[EventCountry "ESP"]

1. Nf3 d5 2. d4 Bf5 3. c4 e6 4. Qb3 Nc6 5. Qxb7 Nb4 6. Na3 Rb8 7. Qxa7 Ra8 8.
Qb7 Rb8 9. Qa7 Ra8 10. Qb7 Bd6 11. Bg5 f6 12. Bd2 Rb8 13. Qa7 Ra8 14. Qb7 Rb8
15. Qa7 Ra8 16. Qb7 1/2-1/2

[Event "XI GRAN TORNEO INTERNACIONAL AFICIONADOS"]
[Site "Benidorm (Alicante - SPAIN)"]
[Date "2012.12.04"]
[Round "5"]
[White "Albers, Andreas"]
[Black "Sanchez Sanchez, Alberto"]
[Result "1/2-1/2"]
[WhiteElo "1937"]
[BlackElo "1968"]
[PlyCount "120"]
[EventDate "2012.11.30"]
[EventRounds "10"]
[EventCountry "ESP"]

1. e4 d5 2. exd5 Qxd5 3. Nc3 Qd6 4. d4 Nf6 5. g3 Bg4 6. Nge2 a6 7. Bg2 Nc6 8.
O-O O-O-O 9. Be3 e5 10. dxe5 Qxd1 11. Raxd1 Rxd1 12. Rxd1 Nxe5 13. h3 Bd7 14.
Bd4 Bd6 15. g4 Nc6 16. Bxf6 gxf6 17. Ne4 Be7 18. Nd4 Re8 19. Ng3 Nxd4 20. Rxd4
Be6 21. Rd1 c6 22. Be4 Bc5 23. a3 h5 24. b4 Bb6 25. Nf5 Kb8 26. Kg2 hxg4 27.
hxg4 Bxf5 28. Bxf5 Re2 29. Rf1 c5 30. Kf3 Re7 31. Rd1 cxb4 32. axb4 Bc7 33. Rd5
Be5 34. b5 axb5 35. Rxb5 Rc7 36. Bd3 Bd4 37. Rd5 Bc5 38. Rd8+ Ka7 39. Bf5 Be7
40. Rd7 Kb6 41. Rxc7 Kxc7 42. Be4 b6 43. Bd5 Kd6 44. Bxf7 Ke5 45. Bg6 Ba3 46.
Ke2 Bc1 47. f3 Kd4 48. Be4 Bf4 49. Kf2 Kc3 50. Kg2 b5 51. Kh3 b4 52. Kh4 b3 53.
cxb3 Kxb3 54. Kh5 Kb4 55. Kg6 Be5 56. Kf5 Bc3 57. Ke6 Kc5 58. f4 Bd4 59. g5
fxg5 60. fxg5 Bc3 1/2-1/2

[Event "XI GRAN TORNEO INTERNACIONAL AFICIONADOS"]
[Site "Benidorm (Alicante - SPAIN)"]
[Date "2012.12.04"]
[Round "5"]
[White "Stefanov, Evtim"]
[Black "Esquerdo Nogueroles, Gaspar"]
[Result "0-1"]
[WhiteElo "1963"]
[BlackElo "1927"]
[PlyCount "72"]
[EventDate "2012.11.30"]
[EventRounds "10"]
[EventCountry "ESP"]

1. e4 c5 2. Nc3 d6 3. g3 Nc6 4. Bg2 Nf6 5. d3 e6 6. f4 Be7 7. Nf3 a6 8. O-O O-O
9. h3 Qc7 10. g4 b5 11. Ne2 d5 12. Ng3 dxe4 13. dxe4 Bb7 14. g5 Rfd8 15. Qe1
Nd7 16. c3 c4 17. Be3 Nc5 18. Bxc5 Bxc5+ 19. Kh1 Qxf4 20. Nh5 Qc7 21. Qh4 Bf8
22. Nh2 Ne5 23. Ng4 Nxg4 24. Qxg4 Rd2 25. Rf3 Qe5 26. Rf4 Rad8 27. Raf1 Rxb2
28. Rxf7 Rxg2 29. Qxg2 Bxe4 30. R7f3 Bxf3 31. Qxf3 Bd6 32. Qf7+ Kh8 33. Rf2
Qd5+ 34. Kg1 Qxg5+ 35. Kf1 Bc5 36. Rd2 Rf8 0-1

[Event "XI GRAN TORNEO INTERNACIONAL AFICIONADOS"]
[Site "Benidorm (Alicante - SPAIN)"]
[Date "2012.12.04"]
[Round "5"]
[White "Marquez Bernal, Florencio"]
[Black "Johnsen, Kjell Magne"]
[Result "1/2-1/2"]
[WhiteElo "1922"]
[BlackElo "1989"]
[PlyCount "72"]
[EventDate "2012.11.30"]
[EventRounds "10"]
[EventCountry "ESP"]

1. d4 Nf6 2. Bf4 d6 3. e3 g6 4. Be2 Bg7 5. Nf3 O-O 6. O-O b6 7. Nbd2 Bb7 8. c3
Nbd7 9. h3 c5 10. Qb1 Rc8 11. a4 a6 12. Qa2 cxd4 13. exd4 Nd5 14. Bh2 Bh6 15.
Rad1 Nf4 16. Bc4 Nf6 17. Rfe1 Qd7 18. Bf1 b5 19. axb5 axb5 20. Qb3 Bc6 21. Qc2
Qb7 22. Ra1 Rfe8 23. Qd1 Ra8 24. Rxa8 Qxa8 25. Bg3 Qb7 26. Kh2 Ne4 27. Nxe4
Bxe4 28. b3 Bxf3 29. Qxf3 Qxf3 30. gxf3 Rc8 31. c4 bxc4 32. bxc4 Kf8 33. Re4
Ne6 34. Bh4 Bg7 35. d5 Nc5 36. Re1 Bd4 1/2-1/2

[Event "XI GRAN TORNEO INTERNACIONAL AFICIONADOS"]
[Site "Benidorm (Alicante - SPAIN)"]
[Date "2012.12.04"]
[Round "5"]
[White "Blanco, Juan"]
[Black "Moya Albaladejo, Jose Antonio"]
[Result "1/2-1/2"]
[WhiteElo "1963"]
[BlackElo "1912"]
[PlyCount "59"]
[EventDate "2012.11.30"]
[EventRounds "10"]
[EventCountry "ESP"]

1. e4 e5 2. Nf3 Nf6 3. Nxe5 d6 4. Nf3 Nxe4 5. d4 d5 6. Bd3 Nc6 7. O-O Be7 8. c4
Nb4 9. Nc3 Bf5 10. Be2 O-O 11. Bf4 Rc8 12. c5 Re8 13. Re1 Nxc3 14. bxc3 Nc2 15.
Rf1 Nxa1 16. Qxa1 Bxc5 17. Bb5 Re4 18. Bg3 Bd6 19. Bd3 Rf4 20. Bxf4 Bxd3 21.
Rd1 Be2 22. Re1 Bxf3 23. Bxd6 Qxd6 24. gxf3 h5 25. Qb1 b6 26. Qf5 Rf8 27. Qxh5
c6 28. Qg5 Qa3 29. Qd2 g6 30. f4 1/2-1/2

[Event "XI GRAN TORNEO INTERNACIONAL AFICIONADOS"]
[Site "Benidorm (Alicante - SPAIN)"]
[Date "2012.12.04"]
[Round "5"]
[White "Fournier, Manuel"]
[Black "Rodriguez Marcos, Jose R"]
[Result "1/2-1/2"]
[WhiteElo "1884"]
[BlackElo "1962"]
[PlyCount "48"]
[EventDate "2012.11.30"]
[EventRounds "10"]
[EventCountry "ESP"]

1. e4 c5 2. Nf3 d6 3. d4 cxd4 4. Nxd4 Nf6 5. Bd3 a6 6. Nc3 e5 7. Nb3 Be6 8. O-O
Qc7 9. Bg5 Nbd7 10. Qe2 Be7 11. Kh1 b5 12. a3 Rc8 13. f4 Nb6 14. Nd2 h6 15.
Bxf6 Bxf6 16. f5 Bc4 17. Bxc4 Nxc4 18. Nd5 Qb7 19. Nxc4 Rxc4 20. c3 Bg5 21.
Rad1 O-O 22. Qg4 Kh7 23. Rf3 Rg8 24. Rh3 f6 1/2-1/2

[Event "XI GRAN TORNEO INTERNACIONAL AFICIONADOS"]
[Site "Benidorm (Alicante - SPAIN)"]
[Date "2012.12.04"]
[Round "5"]
[White "Blondel, Jerome"]
[Black "Nieto Tornero, Jose"]
[Result "1/2-1/2"]
[WhiteElo "1872"]
[BlackElo "1951"]
[PlyCount "39"]
[EventDate "2012.11.30"]
[EventRounds "10"]
[EventCountry "ESP"]

1. Nf3 Nf6 2. d4 d5 3. g3 g6 4. Bg2 Bg7 5. O-O O-O 6. Nc3 c6 7. Re1 Ne4 8. Nxe4
dxe4 9. Ng5 f5 10. c3 h6 11. Qb3+ Qd5 12. Nh3 Qxb3 13. axb3 Be6 14. f3 exf3 15.
exf3 Bxb3 16. Rxe7 Rf7 17. Re8+ Rf8 18. Re7 Rf7 19. Re8+ Rf8 20. Re7 1/2-1/2

[Event "XI GRAN TORNEO INTERNACIONAL AFICIONADOS"]
[Site "Benidorm (Alicante - SPAIN)"]
[Date "2012.12.04"]
[Round "5"]
[White "Young, Mel J"]
[Black "Gutierrez Leon"]
[Result "1-0"]
[WhiteElo "1863"]
[BlackElo "1947"]
[PlyCount "24"]
[EventDate "2012.11.30"]
[EventRounds "10"]
[EventCountry "ESP"]

1. e4 g6 2. Nc3 Bg7 3. f4 c5 4. Nf3 Nc6 5. Bc4 e6 6. f5 Na5 7. d3 gxf5 8. exf5
d5 9. fxe6 dxc4 10. exf7+ Kf8 11. fxg8=Q+ Rxg8 12. O-O Kf7 1-0

[Event "XI GRAN TORNEO INTERNACIONAL AFICIONADOS"]
[Site "Benidorm (Alicante - SPAIN)"]
[Date "2012.12.04"]
[Round "5"]
[White "Bote Kobolo, Benjamin"]
[Black "Ribera Cebolla, Marc"]
[Result "1-0"]
[WhiteElo "1944"]
[BlackElo "1885"]
[PlyCount "95"]
[EventDate "2012.11.30"]
[EventRounds "10"]
[EventCountry "ESP"]

1. e4 c5 2. Nc3 e6 3. Nf3 a6 4. Be2 Qc7 5. O-O b5 6. d4 cxd4 7. Nxd4 Bb7 8. Bf3
d6 9. Re1 Nd7 10. Bh5 g6 11. Bg4 b4 12. Nd5 exd5 13. exd5+ Be7 14. Nc6 Bxc6 15.
dxc6 Ne5 16. Bf4 Nf6 17. Bd7+ Nfxd7 18. cxd7+ Qxd7 19. Qd4 Ra7 20. Bh6 Rg8 21.
f4 Nc6 22. Qd5 Nd8 23. Rad1 Ne6 24. Rd3 Qb5 25. Qf3 Qc5+ 26. Kh1 Kd7 27. c3 Qh5
28. Qe3 Rc7 29. Bg5 Bxg5 30. fxg5 Qxg5 31. Qb6 Qc5 32. Qxa6 Ke7 33. cxb4 Qxb4
34. Red1 Rd8 35. h3 Qb7 36. Qa3 Rc5 37. b4 Rb5 38. Rb3 Ra8 39. Qb2 Qe4 40. Qd2
Ra6 41. a4 Rxa4 42. Qxd6+ Kf6 43. Rf3+ Kg7 44. Qd7 Raxb4 45. Rxf7+ Kh6 46.
Rxh7+ Kg5 47. Qe7+ Kf5 48. Rf7+ 1-0